Making Niche Marketing Work How To Grow Bigger by Acting Smaller

Uložené v:
Podrobná bibliografia
Hlavný autor: Linneman, Robert E.
Ďalší autori: Stanton, John L.
Médium: Kniha
Jazyk:English
Vydavateľské údaje: New York MacGraw-Hill 1991
Vydanie:1. ed.
Predmet:
Tagy: Pridať tag
Žiadne tagy, Buďte prvý, kto otaguje tento záznam!

MARC

LEADER 00000nam a2200000 4500
001 c019701
005 20221206114734.9
020 |a 0-07-037954-8 
041 0 |a eng 
044 |a US 
245 1 0 |a Making Niche Marketing Work  |b How To Grow Bigger by Acting Smaller  |c Robert E. Linneman, John L. Stanton 
250 |a 1. ed. 
264 1 |a New York  |b MacGraw-Hill  |c 1991 
300 |a 260 s. 
610 2 0 |a trh 
610 2 0 |a segmentácia trhu 
610 2 0 |a výskum trhu 
610 2 0 |a marketing 
610 2 0 |a práca kvalifikovaná 
100 1 |a Linneman, Robert E. 
700 1 |a Stanton, John L.